Statistics for Bordering Countries whose Capitals Beginning With the Same Letter (Letter Prompts)

Click here to take the quiz!

General Stats

  • This quiz has been taken 62 times
  • The average score is 29 of 48

Answer Stats

Countries% Correct
Brazil, Brasilia
94%
Argentina, Buenos Aires
89%
Romania, Bucharest
85%
Hungary, Budapest
83%
Slovakia, Bratislava
81%
Switzerland, Bern
81%
Serbia, Belgrade
81%
Germany, Berlin
81%
Democratic Republic of the Congo, Kinshasa
81%
Republic of the Congo, Brazzaville
79%
Colombia, Bogota
77%
Russia, Moscow
74%
China, Beijing
74%
Rwanda, Kigali
70%
Belgium, Brussels
68%
Uganda, Kampala
66%
Austria, Vienna
64%
Chad, N'Djamena
62%
Bolivia, La Paz
62%
Bolivia, Sucre
62%
Niger, Niamey
62%
France, Paris
60%
India, New Delhi
60%
Kyrgyzstan, Bishkek
60%
Belarus, Minsk
60%
Peru, Lima
60%
Central African Republic, Bangui
57%
Angola, Luanda
55%
Chile, Santiago
53%
Macedonia, Skopje
53%
Turkey, Ankara
53%
Zambia, Lusaka
51%
Bulgaria, Sofia
49%
Greece, Athens
49%
Liechtenstein, Vaduz
49%
Suriname, Paramaribo
47%
Kazakhstan, Astana
47%
Myanmar, Naypyidaw
45%
Malawi, Lilongwe
45%
Turkmenistan, Ashgabat
43%
Montenegro, Podgorica
40%
Ethiopia, Addis Ababa
38%
Libya, Tripoli
38%
Tunisia, Tunis
38%
Kosovo, Pristina
36%
Eritrea, Asmara
36%
Mozambique, Maputo
34%
Swaziland, Mbabane
32%

Score Distribution

Percentile by Number Answered

Percent of People with Each Score

Your Score History

You have not taken this quiz